Представление документа в формате RUSMARC

Поле Инд. ПП Название Значение
Тип записи a
Библиографический уровень a
001 Контрольный номер e0419d1fc5dc45b9acc061adca817a4f
005 Дата корректировки 20181120134551.4
100 a Данные общей обработки 20181004 ||| 0rusy0189 ca
101 0_ a Язык текста rus
102 a Страна публикации RU
200 1_ f Первые сведения об ответственности Е.В. Мигачева
a Заглавие Налоговый контроль в условиях развития цифровой экономики
b Общее обозначение материала Текст
210 d Дата издания 2018
461 _0 1 2000
a Финансовое право
463 _0 1 2000
a №8
v С. 21-25
1 2101
d 2018
1 0016b9e22f2b7f04a01b9e41aa631e588a9
606 a Основная рубрика Финансовое право
610 0_ a Ключевые слова РГУП
a Ключевые слова НАЛОГОВОЕ ПРАВО
a Ключевые слова КОНТРОЛЬ НАЛОГОВЫЙ
a Ключевые слова ИНФОРМАЦИОННЫЕ ТЕХНОЛОГИИ В ЭКОНОМИКЕ
700 _1 a Фамилия Мигачева
b Имя Е.В.
801 _0 a Страна RU
b Организация РГУП
c Дата составления 20181004
g Правила каталогизации PSBO
801 _1 a Страна RU
b Организация РГУП
c Дата составления 20181004
g Правила каталогизации PSBO
901 t Тип документа b
w Контрольный № источника 6b9e22f2b7f04a01b9e41aa631e588a9
905 a Дата ввода 20181004